| 000 | 00449nam a2200157Ia 4500 | ||
|---|---|---|---|
| 008 | 210716s2016 xx 000 0 und d | ||
| 020 | _a9788120352261 | ||
| 041 | _aeng | ||
| 082 | _a005.30287 DESS | ||
| 100 | _aDesai, Sandeep; Srivastava, Abhishek. | ||
| 245 |
_aSoftware testing: a practical approach. _bPractical approach. |
||
| 250 | _a2 | ||
| 260 |
_aNew Delhi _bPHI Learning Pvt Ltd _c2016 |
||
| 300 | _ax,363 | ||
| 650 | _aSoftware Testing | ||
| 999 |
_c195465 _d195465 |
||